000 00440nam a2200181Ia 4500
001 19035
005 20260306171714.0
008 260306s9999||||xx |||||||||||||| ||und||
041 _aESP
082 _a658.8
_bA69A T. 3
100 _aArellano Cueva , Rolando
_eAUT
245 0 _aBueno bonito y barato:
_ba mal tiempo, buen marketing
260 _c2009
300 _a
_c
650 _aGEN
654 _aCAN
942 _cLIB
_dJUS
_fJUS
_2ddc
_n
999 _c19035
_d19035